| 000 | 00963nam a22002897i 4500 | ||
|---|---|---|---|
| 003 | DO-SdBNP | ||
| 005 | 20240412132238.0 | ||
| 007 | ta | ||
| 008 | 240412b2023 dr ||||| |||| 00| 0 spa d | ||
| 020 | _a9789945648331 | ||
| 040 |
_aDO-SdBNP _bspa _cBNPHU _erda |
||
| 082 | 4 | _222 | |
| 100 | 1 |
_aEncarnación Ventura, Carlos _985211 |
|
| 245 | 1 | 0 |
_aHazte rico ahora / _cCarlos Encarnación Ventura ; prólogo Oscar Díaz Báez. |
| 250 | _aPrimera edición | ||
| 264 | 1 |
_aSanto Domingo, República Dominicana : _bEditorial Santuario, _c2023. |
|
| 300 |
_a207 páginas ; _c23 cm. |
||
| 336 |
_2rdacontet _atexto _btxt |
||
| 337 |
_2rdamedia _asin mediación _bn |
||
| 338 |
_2rdacarrier _avolumen _bnc |
||
| 500 | _aIncluye datos biográficos del autor en las solapas | ||
| 500 | _aDiez claves para lograrlo | ||
| 504 | _aBibliografía : p. 207 | ||
| 590 | _aInventariado, 2024 /LP | ||
| 700 | 1 |
_aDíaz Báez, Oscar, _eprólogo _985212 |
|
| 942 |
_2ddc _cLBS1 |
||
| 999 |
_c56373 _d56373 |
||